• 首页
  • 本馆介绍
  • 公告通知
  • 最新文献
  • 馆藏检索
  • 电子资源
  • 读者导购
  • 参考咨询
  • 我的图书馆
  • 登录
  • 详细信息显示
  • 放入我的书架
  • 预约/预借图书
  • 作者相关作品
  • 分类相关作品
  • 丛书相关作品
  • 出版社相关作品

书目信息

  • 表格格式
  • 工作单格式
  • 卡片格式
题名:
100种思维
    
 
作者: 帕斯卡 著 ;李东旭 编译
分册:  
出版信息: 北京   中国水利水电出版社  2020
页数: 220页
开本: 21cm
丛书名:
单 册:
中图分类: B565.23 , B565.23
科图分类:
主题词:
电子资源:
ISBN: 978-7-5170-9336-7
000 01035nam0 2200265 450
001 2335124232
005 20231119110457.43
010    @a978-7-5170-9336-7@dCNY45.00
100    @a20210430d2020 em y0chiy50 ea
101 1  @achi@cfre
102    @aCN@b110000
105    @ay z 000yy
200 1  @a100种思维@9100 zhong si wei@e力量的来源@f(法)布莱士·帕斯卡著@g李东旭编译
210    @a北京@c中国水利水电出版社@d2020
215    @a220页@d21cm
300    @a文通
330    @a全书从思维方式切入,扣问人心和人性,阐述人的本质,窥见社会与宇宙的真相,证实了人的思维的无穷力量和不可替代性,并强调了人独立思考的重要性。思维方式决定了人们面对世界和处理世事的方式,好的思维方式能够让人们更好地面对未来,让生活更精彩。
510 1  @aSource of strength@zeng
600  0 @a帕斯卡@c(Pascal, Blaise@f1623-1662)@x哲学思想
690    @aB565.23@v5
690    @aB565.23@v4
701  0 @c(法)@a帕斯卡@9pa si ka@c(Pascal, Blaise@f1623-1662)@4著
702  0 @a李东旭@9li dong xu@4编译
801  0 @aCN@b山东中教@c20210506
905    @aBZT@dB565.23@e3
    
    100种思维:力量的来源/(法)布莱士·帕斯卡著/李东旭编译.-北京:中国水利水电出版社,2020
    220页;21cm
    文通
    
    ISBN 978-7-5170-9336-7:CNY45.00
    全书从思维方式切入,扣问人心和人性,阐述人的本质,窥见社会与宇宙的真相,证实了人的思维的无穷力量和不可替代性,并强调了人独立思考的重要性。思维方式决定了人们面对世界和处理世事的方式,好的思维方式能够让人们更好地面对未来,让生活更精彩。
●
相关链接 在五车中查询图书 在当当中查询图书 在豆瓣中查询图书


正题名:100种思维     索取号:B565.23/3         预约/预借

序号 登录号 条形码 馆藏地/架位号 状态 备注
1 2000982057   2000982057   中教第一批/山东中教(第一批)/426/ [索取号:B565.23/3] 在馆    
2 2000982058   2000982058   中教第一批/山东中教(第一批)/426/ [索取号:B565.23/3] 在馆    
3 2000982059   2000982059   中教第一批/山东中教(第一批)/426/ [索取号:B565.23/3] 在馆    
4 2000982060   2000982060   中教第一批/山东中教(第一批)/426/ [索取号:B565.23/3] 在馆    
5 2000982061   2000982061   中教第一批/山东中教(第一批)/426/ [索取号:B565.23/3] 在馆    
6 2000982062   2000982062   中教第一批/山东中教(第一批)/426/ [索取号:B565.23/3] 在馆    
山东省滨州职业学院图书馆 欢迎您!
大连网信软件有限公司© 版权所有